Second Congress of the United States: At the first session, begun and held at the city of Philadelphia on Monday the twenty-fourth of October, one thousand seven hundred and ninety-one : An act for fixing the compensations of the doorkeepers of the Senate and House of Representatives in Congress.

Bibliographic Details
Corporate Author: United States
Format: eBook
Language:English
Series:Early American imprints. Evans (1639-1800) ; no. 46629.
Subjects:
Online Access:Evans Digital Edition

MARC

Tag First Indicator Second Indicator Subfields
LEADER 00000cam a2200000 a 4500
001 in00002147367
006 m e d #
007 cr mn mmmmabba
008 810622s1792 pau s f000 0 eng d
005 20260331143304.2
035 |z w010258 
035 |a MAAR8106224407B 
035 |9 mwa91-31320 
035 |a 346437 
035 |a aas03010258 
040 |a MWA  |c MWA  |e bdrb  |d UtOrBLW 
110 1 |a United States. 
240 1 0 |a Act for fixing the compensations 
245 1 0 |a Second Congress of the United States: At the first session, begun and held at the city of Philadelphia on Monday the twenty-fourth of October, one thousand seven hundred and ninety-one :  |b An act for fixing the compensations of the doorkeepers of the Senate and House of Representatives in Congress. 
264 3 |a [Philadelphia] :  |b [Printed by Childs and Swaine],  |c [1792] 
300 |a 1 sheet (1 unnumbered page) ;  |c 35 x 21 cm. 
336 |a text  |b txt  |2 rdacontent 
337 |a computer  |b c  |2 rdamedia 
338 |a online resource  |b cr  |2 rdacarrier 
500 |a "Approved, April twelfth, 1792." 
500 |a Francis Childs and John Swaine were printers to the Congress in 1792. 
500 |a Printed area measures 18.1 x 13.0 cm. 
510 4 |a Bristol  |c B8210 
510 4 |a Shipton & Mooney  |c 46629 
530 |a Microform version available in the Readex Early American Imprints series. 
533 |a Electronic text and image data.  |b [Chester, Vt. :  |c Readex, a division of Newsbank, Inc.,  |d 2002-2004.  |e Includes files in TIFF, GIF and PDF formats with inclusion of keyword searchable text.  |f (Early American imprints. First series ; no. 46629). 
500 |a Electronic resource. 
610 1 0 |a United States.  |b Congress  |x Officials and employees. 
651 0 |a United States  |x Officials and employees  |x Salaries, etc. 
655 7 |a Broadsides.  |2 rbgenr 
740 0 |a Act for fixing the compensations of the doorkeepers of the Senate and House of Representatives in Congress. 
752 |a United States  |b Pennsylvania  |d Philadelphia. 
830 0 |a Early American imprints.  |n Series I,  |p Evans (1639-1800) ;  |v no. 46629. 
856 4 1 |u http://proxy.library.tamu.edu/login?url=https://opac.newsbank.com/select/evans/46629  |y Evans Digital Edition  |t 0 
999 |a MARS 
999 f f |s c3dda3bd-350c-34b2-be7a-431ab39c9336  |i 55ed1bb3-5678-3e7b-95cb-f1c2e069b83d  |t 0 
952 f f |a Texas A&M University  |b College Station  |c Electronic Resources  |s www_evans  |d Available Online  |t 0  |h No information provided 
998 f f |t 0  |l Available Online